| 000 | 00000nam##2200000za#4500 |
| 001 | 9.573249 |
| 003 | CaOODSP |
| 005 | 20210624183619 |
| 007 | cr ||||||||||| |
| 008 | 150406|2005||||xxc|||||o f|0| 0 eng|d |
| 040 | |aCaOODSP|beng |
| 043 | |an-cn--- |
| 086 | 1 |aBT31-4/51-2005E-PDF |
| 110 | 1 |aCanada. |bTreasury Board. |
| 245 | 10|aNational Film Board of Canada, for the year ended March 31, 2005, performance report |h[electronic resource] |
| 246 | 1 |iVariant title : |aNational Film Board of Canada - performance report for the year ending March 31, 2005 |
| 260 | |aOttawa - Ontario : |bTreasury Board of Canada Secretariat |c[2005]. |
| 300 | |a69p.|bgraphs, tables, photographs |
| 490 | 1 |aPerformance report for the period ending March 31, 2005 |
| 590 | |a12-06-Supp|b2012-03-07 |
| 775 | 08|tOffice national du film du Canada - pour l'exercice terminé le 31 mars 2005, rapport sur le rendement |w(CaOODSP)9.603458 |
| 776 | 0#|tNational Film Board |w(CaOODSP)9.541748 |
| 776 | 0#|tOffice national du film |w(CaOODSP)9.541749 |
| 830 | #0|aPerformance report for the period ending March 31, 2005.|w(CaOODSP)9.506266 |
| 856 | 40|ahttp://publications.gc.ca|qPDF|s235 KB|uhttps://publications.gc.ca/collections/collection_2012/sct-tbs/BT31-4-51-2005-eng.pdf |